[Event "32nd European Club Cup"]
[Site "Novi Sad"]
[Date "2016.11.08"]
[Round "3"]
[White "Van Kemenade, R."]
[Black "Ranaldi, L."]
[Result "0-1"]
[WhiteElo "1969"]
[BlackElo "2292"]
[Annotator "Rudy"]
[PlyCount "68"]
[EventDate "2016.11.06"]

1. f4 g6 2. Nf3 Bg7 3. g3 Nf6 4. Bg2 O-O 5. d3 d5 6. O-O c5 7. c3 Nc6 8. Qe1 (
8. Na3) 8... d4 9. Na3 Nd5 10. Bd2 Rb8 11. h3 (11. Nc2 b5 12. cxd4 cxd4 13. Qf2
(13. Rc1 {main lines})) 11... e6 $146 (11... b5 12. Nxb5 {planned} (12. Rc1 Ba6
13. cxd4 Nxd4 14. Ne5 Qd6 15. e3 Ne6 16. d4 Rfc8 $11 {Gelashvili-Tiviakov, EU
ch St Vincent 2000,0-1}) 12... Rxb5 13. c4 Rxb2 14. cxd5 Nb4 15. Qc1 Rc2 16.
Qb1 Rxd2 17. Nxd2 Nxd5 18. Qb5 $11 {Komodo10}) 12. Nc2 (12. Nc4 b5 13. Nce5 Bb7
$11 {Komodo10}) 12... b5 13. Ng5 (13. cxd4 cxd4 14. Ng5 Bb7 15. Ne4 Qe7 16. Rc1
$11 {Komodo10}) 13... Qb6 {drifting away from the K} (13... dxc3 14. bxc3 b4
15. cxb4 Bxa1 16. Qxa1 cxb4 17. Kh2 $15 {Komodo10}) 14. Kh2 (14. e4 dxe3 15.
Nxe3 Nce7 16. Qf2 $11 {Komodo10}) 14... h6 {weakens h6 & g6} 15. Nf3 (15. Ne4 {
considered} f5 16. Nd6 Bd7 17. Nxb5 Qxb5 18. c4 Qxb2 19. cxd5 Ne7 20. d6 Nd5
21. Qc1 Qxc1 22. Bxc1 Rb6 23. Na3 Rxd6 24. Nc4 Ra6 $17) 15... dxc3 (15... Bb7)
16. bxc3 b4 17. c4 (17. cxb4 $1 Bxa1 $5 {pm analysis} (17... cxb4 18. e4 Nc3
19. e5 Ba6 20. Bxc3 bxc3 21. Qxc3 Rfc8 22. Qd2 Nb4 23. Nxb4 Qxb4 24. Qxb4 Rxb4
25. Rfb1 Rxb1 26. Rxb1 Rc2 27. a4 Bf8 $15 {Komodo10}) 18. Qxa1 Ncxb4 19. Nxb4
cxb4 20. Ne5 Kh7 21. Rc1 $11 {Kpmpdp10}) 17... Nc3 $15 18. Ne3 Bb7 19. Ng4 {
Komodo10} (19. g4 {considered} Qc7 (19... f5 {pm analysis} 20. gxf5 gxf5 (20...
exf5 21. Nd5 (21. Nh4 Ne7 22. Rg1 Qd6 23. Kh1 Bxg2+ 24. Rxg2 Rb6 $17) 21...
Nxd5 22. cxd5 Nd4 23. Nxd4 Bxd4 24. Rc1 $11) 21. Rg1 Qc7 22. Nc2 Kh8 23. Qh4 e5
24. fxe5 Nxe5 25. Nxe5 Bxe5+ 26. Kh1 Rf7 $1 {Komodo10} 27. Bxc3 (27. Qxh6+ Rh7
$19) 27... bxc3 28. Qh5 Bxg2+ 29. Rxg2 Rg7 30. Qxh6+ Rh7 31. Qe3 Rh4 $17 {
Komodo10}) 20. Kh1 Nd4 21. Nxd4 cxd4 22. Nd1 a5 23. Bxb7 Qxb7+ 24. Kh2 Rfe8 $17
{Komodo10}) 19... Nd4 20. Nxd4 (20. Nge5 Nc2 21. Qf2 Nxa1 22. Rxa1 Qc7 $19)
20... Bxg2 21. Kxg2 cxd4 22. Ne5 Qc7 (22... Rfd8 $15) 23. Nf3 (23. a3 {
considered; pm analysis} a5 {human response} (23... bxa3 {Komodo10} 24. Bxc3
dxc3 25. Rxa3 (25. Qxc3 Rb2 26. Rfe1 Qb7+ 27. Kg1 Rb3 28. Qd4 Qb6 29. c5 Qa5
30. Rec1 Qd2 31. Kf2 Bxe5 32. fxe5 Qb2 33. Qc4 Rc8 34. Rab1 (34. h4 a5 35. Qf4
Rxd3 36. Rab1 Qd2 $15) 34... Qxb1 35. Rxb1 Rxb1 $17 {Komodo10}) 25... Bxe5 26.
fxe5 Rb2 27. Rxc3 Qxe5 28. Rf2 a5 $15 {Komodo10}) 24. axb4 axb4 25. e3 $1 Ra8 (
25... Bxe5 26. fxe5 Qxe5 27. exd4 Qxd4 28. Bxh6 $11) 26. exd4 Qb7+ 27. Kg1 Rxa1
28. Qxa1 Ra8 29. Qe1 Ra2 30. Rf2 Bxe5 31. fxe5 (31. dxe5 Qa7 $19 32. Be3 Qa8
33. Rxa2 Qxa2 34. Kf1 b3 35. Bc1 Qc2 36. Ba3 Qxd3+ 37. Kg2 Nb1 38. Bb2 Qc2+ 39.
Qf2 Nd2 40. Ba1 Qc1 41. Qg1 Qxc4 $19 {Komodo10})) (23. g4 g5 $17 24. fxg5 $5 {
pm analysis} Bxe5 $19 (24... Qxe5 {Iolo} 25. gxh6 Bh8 {Komodo10} (25... Bf6 26.
Bf4 $18) 26. Bf4 Qxe2+ 27. Qxe2 Nxe2 28. Bxb8 Rxb8 29. Rf2 Nc3 30. Raf1 Rb7 31.
g5 $11 a5 32. h4 a4 33. h5 f5 (33... b3 34. axb3 axb3 35. g6 $18) 34. Re1 $14
b3 35. axb3 axb3 36. c5 Rb8 37. c6 Nd5 38. g6 Rc8 39. Rxe6 b2 40. Re1 $18) 25.
gxh6 a5 26. g5 Kh7 27. h4 f6 $19 {Komodo10}) 23... a5 24. g4 (24. e3 $5 dxe3
25. Qxe3 Qc6 26. Kh2 Qa4 27. Ne5 Nxa2 28. Rf2 b3 29. Rb1 Qa3 30. Nd7 a4 31.
Nxb8 Rxb8 $17 {Komodo10}) (24. e4 dxe3 (24... f5 25. e5 Rfd8 26. Qf2 Bf8 27. g4
Qf7 28. Nh4 fxg4 29. hxg4 a4 30. f5 g5 31. Ng6 b3 32. axb3 axb3 33. Bc1 Qb7+
34. Kh3 b2 35. Bxb2 Qxb2 36. Qxb2 Rxb2 37. Ra7 Rb6 38. Rfa1 Rdb8 39. Rd7 $11 {
Komodo10})) 24... f5 25. Ne5 (25. e3 dxe3 (25... Qc6 26. exd4 fxg4 27. hxg4
Bxd4 28. Kg3 Rbd8 $17) 26. Qxe3 Rbe8 27. Ne5 g5 $17) 25... Kh7 (25... g5 $19 {
Komodo10}) (25... Bxe5 26. fxe5 g5 27. e3 dxe3 28. Qxe3 f4 29. Qf3 Rfd8 $19 {
Komodo10}) 26. Rf3 (26. e3 Bxe5 27. fxe5 Qxe5 28. exd4 Qxd4 29. Qe3 (29. Qxe6
Rbe8 $19) 29... Qg7 30. Rae1 (30. Qxe6 Qb7+ 31. Kg1 Rbe8 $19) 30... Nxa2 31.
Qxe6 Nc3 32. Bf4 Rbd8 33. Rf3 fxg4 34. hxg4 Qf7 (34... Rfe8 35. Qxe8 Rxe8 36.
Rxe8 Qd7 37. Rfe3 Qxg4+ 38. Bg3 $11) 35. Qxf7+ Rxf7 36. Bg5 Rdf8 37. Rxf7+ Rxf7
38. Bd2 Na4 $17 {Komodo10}) (26. e4 {considered} fxe4 (26... Bxe5 27. fxe5 fxe4
28. Bxc3 dxc3 29. Qxe4 a4 $19) 27. Bxc3 dxc3 28. Qxe4 Bxe5 29. fxe5 a4 $19 {
Komodo10}) (26. Qh4 Nxe2 27. Rae1 Nc3 28. Rg1 Nxa2 29. Kh2 Bxe5 30. Rxe5 Qf7
31. Rge1 Rfe8 32. Rxa5 b3 $17 {Komodo10}) (26. gxf5 Rxf5 $17) 26... Bxe5 (26...
g5 $19 {Komodo10}) 27. fxe5 fxg4 (27... g5 $17 {Komodo10}) 28. hxg4 Qxe5 29.
Rh3 g5 30. e4 (30. e3 Rf6 31. exd4 Qxd4 32. Bxg5 Rg6 33. Be3 Rxg4+ 34. Rg3 Qg7
35. Rxg4 Qxg4+ 36. Qg3 Qe2+ 37. Kh1 Rg8 38. Qh3 Rg6 39. Rg1 Qxd3 40. Rxg6 Qxg6
41. Qh4 Qe4+ $19 {Komodo10}) 30... Rf6 $19 31. Rh5 (31. Qg3 Qxg3+ 32. Rxg3 Rbf8
33. Kh2 Rf2+ 34. Rg2 R8f3 $19) 31... Kg7 32. Qh1 Rbf8 33. Bxg5 Rf2+ 34. Kg1
Qg3+ (34... Ne2# {expected}) 0-1

[Event "32nd European Club Cup"]
[Site "Novi Sad"]
[Date "2016.11.08"]
[Round "3"]
[White "Kjolberg, Jens Hjorth"]
[Black "Van Kemenade, Julie"]
[Result "1-0"]
[WhiteElo "2145"]
[BlackElo "1703"]
[Annotator "Rudy"]
[PlyCount "59"]
[EventDate "2016.11.06"]

1. d4 d6 2. Nf3 Nf6 3. c4 c6 4. Nc3 Qc7 5. e4 e5 6. Be2 h6 7. O-O Nbd7 (7...
Be7 8. h3 Nbd7 9. Be3 Nf8 10. d5 c5 11. Ne1 g5 12. a3 Ng6 13. b4 b6 {
Spencer-Van Kemenade, WCPL 2013, 1/2-1/2}) 8. Qc2 (8. Rb1) 8... Be7 9. Rd1 g5 {
main} 10. Be3 (10. d5) 10... Rg8 (10... Nf8 11. d5 c5 12. a3 Ng6 13. g3 Bd7 14.
Rac1 Ng4 15. Bd2 Qc8 16. Bd3 O-O $14 {Cheung-De Cat, Nato ch Kaunas, 2011,1/
2-1/2}) 11. b4 Nf8 12. d5 Ng6 13. Ne1 (13. c5 Nf4 14. Bc4) 13... Nf4 14. c5 Bg4
(14... Ng4 $5) (14... Kf8 $5) 15. dxc6 Nxe2+ 16. Nxe2 bxc6 (16... Qxc6 {Bl's
initial idea is playable, but is easier for Wh} 17. f3 Be6 18. cxd6 Qxc2 19.
Nxc2 Bf8 20. Na3 g4 21. f4 exf4 22. Nxf4 Nxe4 23. Nxe6 fxe6 24. Nb5 Rd8 25.
Bxa7 $16) (16... Bxe2 17. cxb7 Qxb7 18. Qxe2 dxc5 19. Bxc5 Nxe4 20. Bxe7 Kxe7
21. f3 $18 {pm analysis}) 17. cxd6 Bxd6 18. h3 Bxe2 19. Qxe2 Bxb4 20. Rac1 Ke7
(20... Kf8) (20... Bxe1 {considered} 21. Qxe1 Rd8 22. Rxd8+ Kxd8 23. Qb4 Nd7
24. Qa3 $16 {Komodo10}) (20... Be7 {incorrectly given in official game game
score}) 21. Qa6 $18 {the centre is too open & too many pieces have swapped to
make Bl's K side attacking chances vanish} Rgc8 22. Rb1 Qa5 23. Qb7+ Kf8 24.
Qxb4+ Qxb4 25. Rxb4 c5 26. Rc4 Rab8 27. Bxc5+ (27. Rxc5) 27... Kg7 28. Bxa7
Rxc4 29. Bxb8 Rxe4 30. Nd3 1-0

[Event "32nd European Club Cup"]
[Site "Novi Sad"]
[Date "2016.11.08"]
[Round "3.30"]
[White "Denham, Colin"]
[Black "Berntsen-Oybo, August"]
[Result "0-1"]
[WhiteElo "1653"]
[BlackElo "1974"]
[Annotator "Rudy"]
[PlyCount "82"]
[EventDate "2016.11.06"]
[WhiteTeam "CAR"]
[BlackTeam "AV1"]

1. e4 c5 2. Nf3 Nc6 3. Nc3 d6 4. d4 cxd4 5. Nxd4 Nf6 6. a4 {a bit early, as Bl
has not played a6 yet} g6 7. h3 $146 (7. Be2 {main}) 7... Bg7 8. Nxc6 {Not
usually a good move in the Sicilian; strengthens Bl's centre & gives the b file
} (8. Be3 {because the last move prevented Ng4}) (8. Bb5 {Komodo10}) 8... bxc6
9. Bd3 (9. e5 {Komodo10; worth a try as it disrupts the Bl pawns} dxe5 10.
Qxd8+ Kxd8 11. Bc4 e6 12. b3 Kc7 13. Bb2 a5 14. O-O $11) 9... a5 10. Rb1 (10.
Be3 O-O 11. Qd2 Rb8 12. Rb1 d5 13. exd5 Nxd5 14. Nxd5 cxd5 15. O-O $11 {
Komodo10}) 10... O-O 11. O-O Nd7 12. Bd2 Nc5 $15 13. b3 (13. Bc4 $5 Rb8 (13...
Bxc3 14. bxc3 Nxe4 15. Bh6 Re8 16. Qd4 Nf6 17. Rfe1 e5 18. Qh4 Nd5 19. Bg5 Qc7
$15) 14. Qe1 e6 $15 {Komodo10}) 13... Nxd3 14. cxd3 Ba6 15. Qc2 e6 (15... d5
$17) 16. Ne2 c5 17. Bc3 e5 18. Rfd1 f5 {Bl starts a K side advance-Wh should
probaby put his N on d5 as a disrupter of some of Bl's possible manouevres} 19.
f3 f4 20. Be1 g5 (20... Bf6 21. Qd2 Bc8 22. Nc3 Be6 23. Nb5 Rf7 24. Na3 Bh4 $15
{Komodo10}) 21. Rd2 {Wh prepares the Janowski in depth defence of all heavy
pieces on the 2nd rank} (21. Nc3 $11 {Komodo10}) 21... h5 22. Kh1 Rf6 23. Ng1
Bc8 24. Rb2 {Wh has a defence in depth,but its Bl who decides when & where to
attack} Be6 25. Qd1 Rg6 {Bl has an attack usually associated with the King's
Indian ( & here Wh has no Q side counterplay)} 26. g4 {Komodo10, best try} fxg3
27. Bxg3 g4 (27... Bh6 {Komodo10; bringing up more pieces looks better, as the
g4 break won't go away}) 28. hxg4 hxg4 29. Rh2 Ra7 30. Bh4 Bf6 31. Bxf6 Qxf6
$19 32. fxg4 (32. Qe1 g3 33. Rh5 Rh7 34. Rxh7 Kxh7 35. Kg2 Rh6 36. Kf1 Rh2 37.
Rxh2+ gxh2 $19 {Komodo10}) 32... Bxg4 33. Qe1 Bf3+ 34. Nxf3 Qxf3+ 35. Rbg2 Rag7
36. Qg1 Rxg2 (36... Rg3 $1 {Komodo10, & Wh is zugzwang.} 37. b4 axb4 38. a5 b3
39. a6 Rxg2 40. Rxg2 b2 41. a7 b1=Q 42. a8=Q+ Kh7 43. Qa2 Qh5+ 44. Rh2 Rxg1#)
37. Rxg2 Kh8 38. Qf2 Rh7+ 39. Kg1 Qd1+ 40. Qf1 Rh1+ $1 41. Kxh1 Qxf1+ {Wh will
lose all his pawns} 0-1

[Event "32nd European Club Cup"]
[Site "Novi Sad"]
[Date "2016.11.09"]
[Round "4.45"]
[White "Williams, A. Howard"]
[Black "Adair, James R"]
[Result "0-1"]
[WhiteElo "2323"]
[BlackElo "2488"]
[Annotator "Rudy"]
[PlyCount "58"]
[EventDate "2016.11.06"]
[WhiteTeam "CAR"]
[BlackTeam "WHI"]

1. Nf3 d5 2. d4 Nf6 3. c4 e6 4. Nc3 c5 5. cxd5 Nxd5 6. e4 Nxc3 7. bxc3 cxd4 8.
cxd4 Bb4+ 9. Bd2 Bxd2+ 10. Qxd2 O-O 11. Bc4 Nd7 (11... Nc6 {main}) 12. O-O b6
13. Rfe1 Bb7 14. Rad1 Rc8 15. Bd3 (15. Bb3 {more frequent}) 15... Qe7 16. Qf4
Qf6 $146 (16... Rfd8) 17. Qd2 (17. Qg3 $14) 17... Rfd8 18. e5 Qe7 (18... Qh6 {
Komodo10}) 19. Ng5 Nf8 20. Be4 (20. Ne4 Bxe4 (20... Rxd4 21. Nd6 Rg4 22. g3 Rc5
23. Nxb7 Qxb7 24. f4 $14) 21. Bxe4 Ng6 22. f4 Qd7 23. d5 exd5 24. Bxd5 Nf8 (
24... Qb5 25. e6 $16) 25. Re3 $14 {Komodo10}) 20... Rc4 21. Bxb7 Qxb7 22. Ne4
Qd5 (22... Rcxd4 23. Qxd4 Rxd4 24. Rxd4 Qa6 25. a4 Qa5 26. Nd2 g5 $15 {Komodo10
}) 23. Nd6 $11 Ra4 24. Re2 Ng6 25. g3 Ne7 26. Qf4 $11 (26. Qc1 $11) (26. Qc3
$11) 26... f6 27. Qd2 (27. Qc1 $11) (27. Rc2 $11) 27... Nc6 $19 28. Qc2 Rxd4
29. Red2 Nxe5 0-1

[Event "32nd European Club Cup"]
[Site "Novi Sad"]
[Date "2016.11.09"]
[Round "4.46"]
[White "Brown, Martin"]
[Black "Jones, Iolo C"]
[Result "1-0"]
[WhiteElo "2302"]
[BlackElo "2172"]
[Annotator "Rudy"]
[PlyCount "91"]
[EventDate "2016.11.06"]
[WhiteTeam "WHI"]
[BlackTeam "CAR"]

1. e4 e5 2. Nf3 Nf6 3. Nxe5 d6 4. Nf3 Nxe4 {the only Bl piece in this game to
cross over into Wh territory} 5. Nc3 Nf6 {avoids the latest fashion , Nxc3} (
5... d5 {Tirziman-R Van Kemenade, Rd7,1-0 & M. Brown-Van Kemenade, Leek Fide
op 2011,1-0}) 6. d4 Be7 (6... Bg4 7. h3 Bh5 8. g4 Bg6 9. Bg2 {Garcia-Jones,
WCPL 2012,1/2-1/2}) (6... d5 7. Bg5 Be7 8. Qd3 O-O 9. Be2 Nc6 10. a3 {
Saunders-Jones, Dyfed Open 2007,1/2-1/2}) 7. Bd3 (7. Bc4 d5 8. Bd3 (8. Bb3)
8... Bg4 9. O-O O-O 10. Re1 Nc6 11. Be3 Nb4 {Bullen-Jones, WCPL 2014,1/2-1/2})
7... O-O 8. h3 Nbd7 (8... Re8 {main}) (8... Nc6 9. a3 d5 10. O-O h6 {RS
Jones-IC Jones, Dyfed Open 2011,1-0}) 9. O-O Nb6 (9... Re8 {main, Mollison-Van
Kemenade, Liverpool op 2006,0-1}) 10. Re1 Bd7 (10... h6 11. Ne2 c5 12. c3 Re8
13. Ng3 Bf8 14. a4 Rxe1+ 15. Qxe1 c4 16. Bc2 Be6 $11 {Sveshnikov-Neiksans, LAT
ch Riga 2007,1/2-1/2}) 11. Ne2 Re8 12. c4 c5 13. d5 $16 {Wh has more space to
put his pieces} h6 14. Qc2 Bc8 15. Bf4 Nbd7 {Bl has made little progress since
move 9} 16. g4 Nf8 17. Kh2 b5 18. b3 bxc4 19. bxc4 N6h7 20. Nc3 (20. Ng3) 20...
Bd7 (20... Ng5 $5) 21. Ne4 Qc7 22. Kg1 Ng6 23. Bg3 Nf6 (23... Ngf8 {Komodo10})
24. Nc3 (24. Bxd6 $1 Bxd6 25. Nxf6+ gxf6 26. Bxg6 Rxe1+ 27. Rxe1 Re8 (27...
fxg6 28. Qxg6+ Kh8 29. Qxh6+ Kg8 30. Qg6+ Kf8 31. Qxf6+ Kg8 32. Qg6+ Kh8 33.
Ng5 {winning Q & mating soon}) 28. Rxe8+ Bxe8 29. Bf5 $18 {Komodo10}) 24... Nf8
25. Kg2 N6h7 26. Rad1 Rab8 27. Bf4 g5 28. Bc1 Bf6 29. Ne4 Bg7 30. h4 (30. Ng3
$16) 30... f6 (30... Bxg4 31. hxg5 Nxg5 32. Nfxg5 hxg5 33. f3 Bf5 34. Nxg5 Bxd3
35. Qxd3 Ng6 $11 {Komodo10}) 31. Rh1 Rb6 (31... Bxg4 32. Ng3 Qd7 33. Rde1 Rxe1
34. Nxe1 Qe8 35. Bf5 Bxf5 36. Nxf5 Rb6 $14 {Komodo10}) 32. Nh2 (32. Ng3 $16)
32... Qd8 (32... gxh4 33. Rhe1 Qc8 34. f3 Ng5 $11 {Komodo10}) 33. f4 Qe7 (33...
gxf4 34. Rhf1 f5 (34... Ng6 35. Kh1 Ne5 36. Rxf4 Ra6 37. Rdf1 Kh8 $11) 35. gxf5
Bxf5 $11 {Komodo10}) 34. Nf3 (34. Rde1 $18) 34... Bh8 (34... gxf4 35. Nf2 Qf7
36. Rde1 Rxe1 37. Rxe1 h5 38. g5 f5 $14 {Komodo10}) 35. Rh2 (35. hxg5 fxg5 36.
fxg5 Bxg4 37. Rde1 $18 {Komodo10}) 35... Bc8 (35... f5 36. gxf5 g4 37. Ng1 Nf6
38. Ng3 Rb4 39. Rf1 Ba4 40. Qd2 N8d7 41. Kh1 Nb6 $11 {Komodo10}) (35... Bxg4
36. Nf2 Bxf3+ 37. Kxf3 Bg7 38. Ng4 gxf4 39. Rg1 (39. Re2 Qf7 40. Rg1 $16) 39...
Kh8 40. Bxf4 $16 {Komodo10}) 36. hxg5 $18 hxg5 37. fxg5 Nxg5 (37... Bxg4 38.
Rdh1 Bg7 39. Rxh7 Nxh7 40. Rxh7 Kxh7 41. gxf6 $18 {Komodo10}) 38. Nexg5 (38.
Rxh8+ $1 {Komodo10} Kxh8 39. Bxg5 fxg5 40. Qc3+ Kg8 (40... Qe5) 41. Nf6+ Kg7 (
41... Kf7 42. Nxg5+ {mating}) 42. Nxe8+ Kf7 43. Re1 $18 {Komodo10}) 38... fxg5
39. Nxg5 (39. Re1 $18) (39. Rxh8+ $18) 39... Be5 40. Rh3 (40. Re1 $18) (40. Rh6
$18) 40... Bd4 (40... Bxg4 41. Rh4 Bxd1 42. Qxd1 Qd7 43. Qh5 Re7 $14 {Komodo10}
) 41. Rf1 Bf6 42. Nh7 Be5 43. Nxf8 Rxf8 44. Bh7+ Kh8 45. Rxf8+ Qxf8 46. Bg8+
1-0

[Event "32nd European Club Cup"]
[Site "Novi Sad"]
[Date "2016.11.09"]
[Round "4.47"]
[White "Heap, Gerry"]
[Black "Townsend, M Paul"]
[Result "1-0"]
[WhiteElo "2060"]
[BlackElo "2231"]
[Annotator "Rudy"]
[PlyCount "81"]
[EventDate "2016.11.06"]
[WhiteTeam "CAR"]
[BlackTeam "WHI"]

1. c4 e6 2. Nf3 Nf6 3. g3 d5 4. Bg2 Be7 5. O-O O-O 6. b3 c5 7. e3 Nc6 8. Bb2 d4
(8... b6) 9. exd4 cxd4 10. Re1 Re8 (10... Ne8) 11. a3 a5 12. d3 Bc5 (12... Bf8)
13. Nbd2 e5 14. Ng5 Bg4 15. Bf3 Bf5 (15... Bxf3 16. Qxf3 h6 17. Nge4 Nxe4 18.
Nxe4 Bf8 19. Bc1 {Miles-Geller, Lone Pine op 1980,1-0}) 16. Nge4 Nxe4 17. Nxe4
Bf8 18. g4 (18. Bc1 Qd7 19. Ra2 Rab8 20. Rc2 Kh8 21. g4 {Drasko-Grant, EU ch
tm 2013,1-0}) (18. h4 Bc8 19. Bg2 Ra6 20. Bc1 h6 21. Qc2 Bg4 22. Rb1 Qd7 23. c5
Be6 $11 {Hundack-Assendorf, Verden an der Allen, 2014,1-0}) 18... Bg6 (18...
Be6) 19. Bc1 Be7 20. g5 (20. Ng3) 20... f5 (20... Bxe4 21. Bxe4 Bxg5 22. Qh5 h6
23. Bxg5 Qxg5+ 24. Qxg5 hxg5 25. b4 axb4 26. axb4 Rxa1 27. Rxa1 Nxb4 28. Rb1
Na6 $17 {Komodo10}) 21. gxf6 gxf6 22. Ng3 {Bl has weak wh squares} Qd7 23. Bd5+
Kh8 24. Qf3 Nd8 (24... Qh3 $11 {Komodo10}) 25. Kg2 Ra6 26. h4 Bf7 27. Be4 Rg8 (
27... Ne6 28. Bxb7 Rb6 29. Bd5 Rxb3 $11 {Komodo10}) 28. Kh2 Be6 (28... Rb6) 29.
Nf5 (29. Bxh7 $1 Rg4 30. Bf5 Rxh4+ 31. Kg2 Bxf5 32. Nxf5 Rh7 33. Bh6 $16 {
Komodo10}) 29... Bf8 (29... Nf7 $11) 30. Bd2 $16 Rb6 31. Rab1 (31. Rg1 Rg6 32.
h5 Rxg1 33. Rxg1 $18 {Komodo10}) 31... Bxa3 32. Bxa5 Ra6 33. Bd2 Bf8 34. Rg1
Ra2 (34... Rg6) 35. Bh6 (35. Rxg8+ Kxg8 36. Nh6+ Bxh6 (36... Kh8 37. Bg5 $1
Bxh6 38. Bxh6 Qf7 39. Rg1 $18) 37. Rg1+ Bg7 38. Bh6 Kh8 39. Rxg7 $18 {Komodo10}
) 35... Rxg1 36. Rxg1 $18 Bxf5 37. Bd5 $1 (37. Bxf8 $1 {even stronger, Komodo10
}) 37... Nf7 38. Bxf8 h6 39. Be4 (39. Bg7+ Kg8 (39... Kh7 40. Bxf7 {mating})
40. Bxf6+ Kf8 41. Bxf7 Ra6 42. Rg8+ Kxf7 43. Rg7+ Kf8 44. Rxd7 Bxd7 45. Bxe5+
Ke7 46. Qxb7 $18 {Komodo10}) 39... Nd6 40. Bxd6 Bxe4 41. Qxf6+ 1-0

[Event "32nd European Club Cup"]
[Site "Novi Sad"]
[Date "2016.11.09"]
[Round "4.30"]
[White "Barrett, S."]
[Black "Van Kemenade, R."]
[Result "1-0"]
[WhiteElo "2181"]
[BlackElo "1969"]
[Annotator "Rudy"]
[PlyCount "69"]
[EventDate "2016.11.06"]
[WhiteTeam "White Rose"]
[BlackTeam "Cardigan"]

1. d4 Nf6 2. Nf3 g6 3. c4 Bg7 4. Nc3 O-O 5. Bg5 h6 6. Bh4 d6 7. e3 Nbd7 8. Be2
e5 9. Qc2 a6 (9... c6 {main}) 10. Rd1 Qe8 (10... Re8 11. O-O g5 12. Bg3 e4 13.
Nd2 Qe7 14. b4 Nf8 15. Nb3 Ng6 16. Rfe1 h5 17. f3 exf3 18. Bxf3 g4 19. Nd5 Nxd5
20. Bxd5 Qg5 21. Qf2 Qe7 22. c5 {Toeloeken-Eissing, Muensterland
Verbandsklasse 2014,1/2-1/2}) (10... exd4 11. Nxd4 Qe8 12. O-O {3-0}) (10... g5
11. Bg3 Qe7 (11... Nh5 12. dxe5 (12. Nxg5 Qxg5) 12... Nxg3 13. hxg3 dxe5 14.
Bd3 $16) 12. dxe5 dxe5 13. O-O b6 14. h4 g4 15. Nh2 h5 16. f3 $16 {Komodo10})
11. O-O g5 (11... exd4 12. Nxd4 Nb6 13. b3 Qe7 $14 {Komodo10}) 12. Bg3 Nh5 $2
13. Nxg5 $18 hxg5 14. Bxh5 {Bl has lost some crucial pawn cover for the K} Bf6
(14... Nf6 15. Be2 e4 16. h4 $18 {Komodo10}) 15. Ne4 Bd8 16. f4 gxf4 17. exf4
exd4 18. Rxd4 (18. Rfe1 Qe6 19. Rxd4) 18... Qe6 (18... Nf6 19. Ng5 Qd7 20. Be2
$18 {Komodo10}) 19. f5 (19. Re1) 19... Qh6 20. Qe2 Bf6 (20... Nf6 {original
idea} 21. Nxf6+ Bxf6 22. Rg4+ Kh7 (22... Kh8 23. Bf4 Qh7 24. Bg5 Bxg5 25. Rxg5
Rg8 26. Rxg8+ Qxg8 27. Qe7 $18) 23. Bxf7 Rxf7 24. Rg6 Qxg6 25. fxg6+ Kxg6 26.
Qe8 $18 {Komodo10}) 21. Nxf6+ Nxf6 22. Rh4 (22. Bf3) 22... Qg5 23. Rff4 Bxf5 {
best; Komodo10} (23... Re8 {pm anaysis, fails to} 24. Rfg4) 24. Qf3 Be4 (24...
Bg6 25. Rxf6 Bxh5 26. Qxh5 (26. Rxh5) 26... Qxh5 27. Rxh5 $18 {Komodo10}) 25.
Rxe4 Nxe4 26. Rxe4 (26. Rg4 {best, seen by Bl who would resign}) 26... Qc1+ (
26... f5 27. Re6 Rf6 28. Bf4 Qg7 29. Re3 $18 {pm analysis & Komodo10}) (26...
Qg7 {is given on the official website, which loses to Rg4}) 27. Be1 $1 f5 (
27... Qh6 28. Rg4+ Kh8 29. Bd2 $1 {mating; Komodo10}) 28. Re7 (28. Qg3+ Kh8 29.
Rh4 {mates quickly; Komodo10}) 28... Qg5 29. Qd5+ Kh8 30. Bc3+ Rf6 31. Qf7 Qc1+
32. Kf2 Qf4+ 33. Bf3 (33. Ke2) 33... Qh4+ (33... Qd2+ 34. Be2 Qf4+ 35. Kg1 Qc1+
36. Bf1 Qe3+ 37. Rxe3 Rf8 38. Bxf6#) 34. Kg1 Rf8 35. Qxf8# 1-0

[Event "32nd European Club Cup"]
[Site "Novi Sad"]
[Date "2016.11.09"]
[Round "4.49"]
[White "Haigh, Tony"]
[Black "O'driscoll, Kieran"]
[Result "1/2-1/2"]
[WhiteElo "1810"]
[BlackElo "2109"]
[Annotator "Rudy"]
[PlyCount "84"]
[EventDate "2016.11.06"]
[WhiteTeam "CAR"]
[BlackTeam "WHI"]

1. d4 d5 2. Nf3 c6 3. c4 Nf6 4. cxd5 cxd5 5. Nc3 Nc6 6. Bf4 a6 (6... Bf5) 7. e3
Bg4 8. h3 (8. Be2 {main}) 8... Bxf3 9. gxf3 (9. Qxf3 {main, the text
strengthens the centre & has an open g file}) 9... e6 10. a3 (10. Rg1 {is
consistent}) 10... Bd6 (10... Be7 11. Rg1 Rc8 12. Bd3 Nh5 13. Bh2 g6 14. Qd2
Na5 15. Rd1 Nc4 16. Qe2 Nxa3 {Platten-Metz, Staufer op Schwaebisch Gmuend 2001
, 0-1}) 11. Bxd6 Qxd6 12. Be2 (12. f4 b5 13. Bd3 Rc8 14. Qf3 g6 15. O-O O-O $11
{Majer-Brokken, Pardubice op, 2010, 0-1}) 12... O-O 13. O-O Rfc8 14. Rc1 Rc7
15. b4 b5 (15... Rac8 $11) 16. Bxb5 $1 Nxb4 17. axb4 axb5 18. Nxb5 Rxc1 19.
Nxd6 Rxd1 20. Rxd1 $14 Kf8 21. Rb1 {R behind passed pawn} (21. Rc1 {open file
better}) 21... Rb8 $11 22. e4 Ke7 23. e5 Ne8 24. Nxe8 Kxe8 25. Kf1 Kd7 26. Ke2
Kc6 27. Kd3 Kb5 28. Ra1 Rb7 29. h4 g6 30. h5 gxh5 31. Rh1 Ra7 32. Rxh5 Ra3+ 33.
Ke2 Kc4 (33... Kxb4) 34. Rxh7 Kxd4 35. f4 Ke4 36. Rxf7 Ra2+ 37. Ke1 Rb2 38. Rf6
Rxb4 39. Rxe6 Kxf4 40. Re8 Re4+ 41. Kd2 Rxe5 42. Rxe5 Kxe5 1/2-1/2

[Event "32nd European Club Cup"]
[Site "Novi Sad"]
[Date "2016.11.09"]
[Round "4.30"]
[White "Sucikova, Svetlana"]
[Black "Van Kemenade, Julie"]
[Result "1-0"]
[WhiteElo "2076"]
[BlackElo "1703"]
[Annotator "Rudy"]
[PlyCount "55"]
[EventDate "2016.11.06"]
[WhiteTeam "White Rose"]
[BlackTeam "Cardigan"]

1. c4 Nf6 2. Nc3 g6 3. g3 Bg7 4. Bg2 d6 5. Nf3 Nbd7 6. d4 c6 7. O-O O-O 8. e4
e5 9. Re1 (9. h3) 9... Ne8 (9... Re8) 10. b3 $146 (10. Be3 {main}) (10. d5 {
Cloud Engines}) 10... Qa5 11. Bb2 Qc7 (11... exd4 $5) 12. Rc1 f6 (12... exd4
13. Nxd4 Nc5 $11 {Komodo10}) (12... f5 {is too loosening}) 13. Ba3 Rf7 (13...
Qa5) 14. c5 Bf8 (14... dxc5 15. dxc5 Nf8 $11 {pm analysis} (15... b5 {Komodo10}
16. cxb6 axb6 17. Bb4 Nf8 $11)) (14... Qa5 15. Na4 b5 16. cxb6 axb6 17. Bb2 b5
18. Nc3 Bh6 $11 {Komodo10}) 15. Bf1 Kh8 (15... dxc5 $11) 16. Bc4 Rg7 17. b4 f5
$6 (17... dxc5 18. bxc5 exd4 19. Nxd4 Ne5 $11 {Komodo10}) (17... exd4 18. Nxd4
Ne5 19. Be2 a5 $11 {Komodo10}) 18. Be6 (18. Ng5 $18) 18... Ndf6 19. cxd6 Bxd6
20. Bxc8 Rxc8 21. Nb5 Qe7 (21... Qb8 22. Nxd6 Qxd6 23. Qb3 Nxe4 24. b5 Qd8 25.
bxc6 Rxc6 26. Rxc6 bxc6 27. Nxe5 Qd5 28. Bf8 $18 {Komodo10}) 22. dxe5 Bxe5 23.
exf5 $18 Rd8 24. Qb3 Rd5 25. Nc3 Ng4 (25... Bxc3 26. Rxe7 Rxe7 27. Qxc3 gxf5
28. Re1 $18 {Komodo10}) 26. Nxd5 cxd5 27. Nxe5 Nxe5 28. Bb2 1-0